| Tag |
First Indicator |
Second Indicator |
Subfields |
| LEADER |
00000cgm a2200000Ma 4500 |
| 001 |
in00005536421 |
| 006 |
m o c |
| 007 |
vz |za|z| |
| 007 |
cr |n||||||||a |
| 008 |
140109s2010 enk005 g o vueng d |
| 005 |
20241201225519.0 |
| 035 |
|
|
|a (OCoLC)ocn874058585
|
| 040 |
|
|
|a ALSTP
|b eng
|e pn
|c ALSTP
|d OCLCF
|d OCLCQ
|d OCLCO
|d OCLCA
|d OCLCQ
|d INT
|d OCLCQ
|d WYU
|d OCLCO
|d OCLCL
|
| 020 |
|
|
|a 9781503412569
|
| 020 |
|
|
|a 1503412563
|
| 035 |
|
|
|a (OCoLC)874058585
|
| 043 |
|
|
|a e-uk---
|
| 049 |
|
|
|a TXAM
|
| 245 |
0 |
0 |
|a Time savers special.
|n 1,
|p Flip video cameras.
|
| 246 |
3 |
|
|a Flip video cameras
|
| 260 |
|
|
|a [England] :
|b Teachers TV/UK Department of Education,
|c 2010.
|
| 300 |
|
|
|a 1 online resource (5 min.).
|
| 306 |
|
|
|a 000449
|
| 336 |
|
|
|a two-dimensional moving image
|b tdi
|2 rdacontent
|
| 337 |
|
|
|a computer
|b c
|2 rdamedia
|
| 338 |
|
|
|a online resource
|b cr
|2 rdacarrier
|
| 490 |
0 |
|
|a Teachers TV
|
| 500 |
|
|
|a Title from resource description page (viewed Jan. 9, 2014).
|
| 520 |
|
|
|a English teacher Connor Rodgers demonstrates how his department use flip video cameras for easy and fun assessment and marking. Not only are the cameras easy to use and view back on the whiteboard, but it means Connor can save the videos as evidence and watch them in his own time, saving valuable teaching time in class. Meanwhile in the Science department, technician Phil Wilson explains how he uses the cameras to record demonstrations. These versatile videos can be played to teachers who miss the demonstration, as well as in class to pupils if the demonstration would need a lot of setting up or would be too dangerous for the pupils to do.
|
| 546 |
|
|
|a In English.
|
| 650 |
|
0 |
|a Educational technology
|z Great Britain.
|
| 650 |
|
0 |
|a Teaching
|x Aids and devices.
|
| 650 |
|
0 |
|a Camcorders.
|
| 650 |
|
6 |
|a Technologie éducative
|z Grande-Bretagne.
|
| 650 |
|
6 |
|a Matériel didactique.
|
| 650 |
|
7 |
|a Camcorders.
|2 fast
|0 (OCoLC)fst00844678
|
| 650 |
|
7 |
|a Educational technology.
|2 fast
|0 (OCoLC)fst00903623
|
| 650 |
|
7 |
|a Teaching
|x Aids and devices.
|2 fast
|0 (OCoLC)fst01144567
|
| 651 |
|
7 |
|a Great Britain.
|2 fast
|0 (OCoLC)fst01204623
|1 https://id.oclc.org/worldcat/entity/E39PBJdmp7p3cx8hpmJ8HvmTpP
|
| 655 |
|
4 |
|a Online media.
|
| 655 |
|
7 |
|a Instructional television programs.
|2 fast
|0 (OCoLC)fst01726126
|
| 655 |
|
7 |
|a Instructional television programs.
|2 lcgft
|
| 655 |
|
7 |
|a Émissions pédagogiques télévisées.
|2 rvmgf
|
| 710 |
2 |
|
|a Libra Television.
|4 pro
|
| 776 |
0 |
8 |
|i Original version:
|o W/4561/001
|
| 856 |
4 |
0 |
|u http://proxy.library.tamu.edu/login?url=https://www.aspresolver.com/aspresolver.asp?AVN2;1783079
|z Connect to this streaming video (Alexander Street Press)
|t 0
|
| 955 |
|
|
|a Alexander Street Press subscription streaming video
|
| 994 |
|
|
|a 92
|b TXA
|
| 999 |
f |
f |
|s b1f66983-464d-4223-8dd6-1b2af356b4b6
|i e7514711-6ba4-4be2-9341-a389ba5c3b14
|t 0
|
| 952 |
f |
f |
|a Texas A&M University
|b College Station
|c Electronic Resources
|d Available Online
|t 0
|h Library of Congress classification
|
| 998 |
f |
f |
|t 0
|l Available Online
|